Странность Бытия (Запись № 10091711)

Подробности
000 -МАРКЕР
контрольное поле 02004nam0a2200385 i 4500
001 - ИДЕНТИФИКАТОР ЗАПИСИ
контрольное поле RU\NLR\BIBL_A\010786012
005 - ИДЕНТИФИКАТОР ВЕРСИИ
контрольное поле 20260406145505.0
010 ## - МЕЖДУНАРОДНЫЙ СТАНДАРТНЫЙ НОМЕР КНИГИ (ISBN)
Номер (ISBN) 9785881900212
Тираж 1000
021 ## - НОМЕР ГОСУДАРСТВЕННОЙ РЕГИСТРАЦИИ
Код страны Российская Федерация
Номер 2015-35430
Номер Листа государственной регистраци 2095
035 ## - ДРУГИЕ СИСТЕМНЫЕ НОМЕРА
Идентификатор записи (NILC)RuMoRGB-007929523
035 ## - ДРУГИЕ СИСТЕМНЫЕ НОМЕРА
Идентификатор записи (NLR Aleph) 010786012
100 ## - ДАННЫЕ ОБЩЕЙ ОБРАБОТКИ
Данные общей обработки 20150622d2013 km y0rusy50 ca
101 1# - ЯЗЫК РЕСУРСА
Язык текста, звукозаписи и т.д. русский
Язык оригинала польский
102 ## - СТРАНА ПУБЛИКАЦИИ ИЛИ ПРОИЗВОДСТВА
Страна публикации Российская Федерация
-- Польша
105 ## - ПОЛЕ КОДИРОВАННЫХ ДАННЫХ: ТЕКСТОВЫЕ МАТЕРИАЛЫ, МОНОГРАФИЧЕСКИЕ
Кодированные данные о монографическом текстовом документе ac z 000zy
200 1# - ЗАГЛАВИЕ И СВЕДЕНИЯ ОБ ОТВЕТСТВЕННОСТИ
Основное заглавие Странность Бытия
Сведения, относящиеся к заглавию философия, эстетика, публицистика
-- [перевод с польского]
Первые сведения об ответственности Станислав Игнаций Виткевич
Последующие сведения об ответственности [ред.-сост., послесл. А. Базилевского
-- предисл. Б. Мицинского]
210 ## - ПУБЛИКАЦИЯ, РАСПРОСТРАНЕНИЕ И ДР.
Место издания, распространения и т.д. Москва
Имя издателя, распространителя и т. д. Вахазар
Место издания, распространения и т.д. Пултуск
Имя издателя, распространителя и т. д. Гуманитарная академия
Дата издания, распространения и т.д. 2013
215 ## - ФИЗИЧЕСКАЯ ХАРАКТЕРИСТИКА
Специфическое обозначение материала и объем 703, [1] с.
Другие сведения о физической характеристике ил., портр.
Размеры 21
225 1# - СЕРИЯ
Основное заглавие серии Коллекция польской литературы
Обозначение тома 3-7
300 ## - ОБЩИЕ ПРИМЕЧАНИЯ
Текст примечания Пер. изд.: Dziwność Istnienia: filozofia, estetyka, publicystyka / Stanisław Ignacy Witkiewicz. Pułtusk, 2013
320 ## - ПРИМЕЧАНИЯ О НАЛИЧИИ В ДОКУМЕНТЕ БИБЛИОГРАФИИ / УКАЗАТЕЛЯ
Текст примечания Библиогр. в тексте и в подстроч. примеч.
454 #0 - ОРИГИНАЛ (ПЕРЕВОДА)
Встроенное поле 2001#$aDziwność Istnienia$efilozofia, estetyka, publicystyka
-- 210##$aPułtusk$d2013
-- 700#1$aWitkiewicz$bS. I.$gStanisław Ignacy
Заглавие Dziwność Istnienia
Автор Witkiewicz, Stanisław Ignacy
606 ## - НАИМЕНОВАНИЕ ТЕМЫ КАК ПРЕДМЕТ
Наименование темы Философия
Системный номер авторитетной/нормативной записи 900139
Идентификатор авторитетной/нормативной записи RU\NLR\AUTH\666996
606 ## - НАИМЕНОВАНИЕ ТЕМЫ КАК ПРЕДМЕТ
Наименование темы Эстетика
Системный номер авторитетной/нормативной записи 1005659
Идентификатор авторитетной/нормативной записи RU\NLR\AUTH\6664348
686 1# - ИНДЕКСЫ ДРУГИХ КЛАССИФИКАЦИЙ
Индекс Ю0
686 1# - ИНДЕКСЫ ДРУГИХ КЛАССИФИКАЦИЙ
Индекс Ю8
686 1# - ИНДЕКСЫ ДРУГИХ КЛАССИФИКАЦИЙ
Индекс Ш6(4П)67-47(Лх1128.1-120)
700 #1 - ИМЯ ЛИЦА - ПЕРВИЧНАЯ ОТВЕТСТВЕННОСТЬ
Материалы, к которым относится поле rus
Графика поля Кириллица
Начальный элемент ввода Виткевич
Часть имени, кроме начального элемента ввода С. И.
Даты 1885-1939
Расширение инициалов личного имени Станислав Игнацы
Идентификатор авторитетной/нормативной записи RU\NLR\AUTH\7710123
Системный номер авторитетной/нормативной записи 119907
702 #1 - ИМЯ ЛИЦА - ВТОРИЧНАЯ ОТВЕТСТВЕННОСТЬ
Код отношения Автор
Материалы, к которым относится поле rus
Графика поля Кириллица
Начальный элемент ввода Базилевский
Часть имени, кроме начального элемента ввода А. Б.
Даты 1957-2019
Расширение инициалов личного имени Андрей Борисович
Идентификатор авторитетной/нормативной записи RU\NLR\AUTH\774697
Системный номер авторитетной/нормативной записи 114674
801 #0 - ИСТОЧНИК ЗАПИСИ
Страна Российская Федерация
Организация РГБ
Дата составления 20150512
Правила каталогизации RCR
942 ## - ДОПОЛНИТЕЛЬНЫЕ ЭЛЕМЕНТЫ ЗАПИСИ (АБИС)
Тип экземпляра АБИС Книга
980 ## - КОЛЛЕКЦИЯ
Название коллекции НБР

Нет доступных экземпляров.